000 00345 a2200157 4500
001 178514
020 _a
040 _cMagnum
100 _aPadilla, Gilda Figueiredo
240 1 0 _aBrinquedos falantes
_lpor
245 1 0 _aBrinquedos falantes
362 0 _a1899
440 1 _aÁtica
697 _aMAGNITO: I/AVENTURA, CRIANCAS
942 _cBK
999 _c178514
_d178514